Most Mentioned Allies of the USA - Statistics

General Stats
  • This quiz has been taken 127 times
  • The average score is 12 of 15
Answer Stats
% Country % Correct
67 United Kingdom
100%
N/A France
99%
N/A Canada
98%
N/A Germany
97%
N/A Italy
92%
N/A Japan
92%
N/A Mexico
92%
N/A Spain
90%
N/A Australia
85%
N/A South Korea
82%
58 Israel
78%
N/A The Netherlands
64%
N/A Sweden
58%
58 Ukraine
58%
N/A Norway
57%
No matching quizzes found
Score Distribution
Percent of People with Each Score
Percentile by Number Answered
Your Score History
You have not taken this quiz